Normal view
MARC view
Entry Personal Name
001 - CONTROL NUMBER
- control field: 46905
003 - CONTROL NUMBER IDENTIFIER
- control field: dpl
005 - DATE AND TIME OF LATEST TRANSACTION
- control field: 20120511121505.0
008 - FIXED-LENGTH DATA ELEMENTS
- fixed length control field: 120511|||a|||||| | ||| d
040 ## - CATALOGING SOURCE
- Original cataloging agency: dpl
- Transcribing agency: dpl
100 ## - HEADING--PERSONAL NAME
- Personal name: Jha, Raghbendra
670 ## - SOURCE DATA FOUND
- Source citation: Work cat.: (dpl): Jha, Raghbendra, Modern theory of public finance /, 1987
670 ## - SOURCE DATA FOUND
- Source citation: Work cat.: (dpl): Jha, Raghbendra, Modern theory of public finance /, 1987
